Album gráfico e histórico de la Sociedad Unión Comercial

Saved in:
Bibliografiske detaljer
Hovedforfatter: Soto Núñez, J. Miguel (Author)
Format: Bog
Sprog:spansk
Udgivet: Santiago Imprenta Dirección General de Prisiones 1932
Udgivelse:1a. ed
Fag:
Tags: Tilføj Tag
Ingen Tags, Vær først til at tagge denne postø!

MARC

LEADER 00000cam a2200000 a 4500
001 UCD6513
003 CL-VaPUC
008 161216e19320000cl |||||||||||||||||spa|d
082 0 4 |a 381.10983  |b SOT  |2 21 
100 0 |a Soto Núñez, J. Miguel  |e author  |9 590359 
245 1 0 |a Album gráfico e histórico de la Sociedad Unión Comercial 
250 |a 1a. ed 
300 |a 395 p 
942 |c BK 
945 |d 20161216 10:21:00  |a dcastane 
260 |a Santiago  |b Imprenta Dirección General de Prisiones  |c 1932 
650 0 |a Sociedades comerciales   |9 257290 
583 |a last modification  |c 20161216 10:21:00  |k Rodrigo Vera 
999 |c 366819  |d 366817 
952 |0 0  |1 0  |3 erd  |4 0  |6 381_109830000000000_SOT_1932  |7 0  |8 X  |9 481370  |a FDOBUD  |b FDOBUD  |i 5325242  |o 381.10983 SOT 1932  |p 5325242  |r 2019-11-24  |w 2019-11-24  |y BK_X  |z Catalogado en:20161216  |k BUD